| 000 | 00964cam a22002414a 4500 | ||
|---|---|---|---|
| 999 |
_c233225 _d233225 |
||
| 001 | 14631743 | ||
| 003 | Nust | ||
| 005 | 20170305122641.0 | ||
| 008 | 061113s2007 nyu 000 1 eng | ||
| 010 | _a 2006037947 | ||
| 020 | _a9780099433927 | ||
| 040 |
_aDLC _cDLC _dDLC |
||
| 041 | 1 |
_aeng _hfre |
|
| 050 | 0 | 0 |
_aPQ3989.2.K58 _bA5513 2007 |
| 082 | 0 | 0 |
_a843.914 _bKOU |
| 100 | 1 | _aKourouma, Ahmadou. | |
| 240 | 1 | 0 |
_aAllah n'est pas obligé. _lEnglish |
| 245 | 1 | 0 |
_aAllah is not obliged / _cby Ahmadou Kourouma ; translated by Frank Wynne. |
| 250 | _a1st Anchor Books ed. | ||
| 260 |
_aNew York : _bAnchor Books, _c2007. |
||
| 300 |
_a215 p. ; _c21 cm. |
||
| 906 |
_a7 _bcbc _corignew _d1 _eecip _f20 _gy-gencatlg |
||
| 942 |
_2ddc _cBK |
||